000 01284nmm a22002414a 4500
003 BOLpUSFA
005 20201007180010.0
008 t cl gq d 000 f spa d
020 _a9567808309
041 _aspa
044 _cCL
100 _aVanderschueren, Franz
245 _aPrevención de la delincuencia juvenil :
_banálisis de experiencias internacionales.
_h[recurso electrónico]
260 _aSantiago de Chile:
_bUniversidad Jesuita Alberto Hurtado,
_c2004.
300 _a152 p.
520 _aEste libro abarca los tres temas sobre prevención a la criminalidad que concierne a los jóvenes. El primer tema constituye un panorama general de las diversas interpretaciones de la causalidad de los comportamientos antisociales o delictuales de los jóvenes y presenta los principales enfoques y prácticas de prevención desarrollados en varias regiones. El segundo se refiere al problema específico de la violencia al interior de las escuelas; y el tercero, focaliza el problema de las pandillas.
650 _aAdolescencia
650 _aComportamiento antisocial
650 _aViolencia
700 _aLunecke, Alejandra
856 _uhttp://biblioteca.usfa.edu.bo/cgi-bin/koha/opac-retrieve-file.pl?id=860f045ec202e4b418d694a78c59ea9e
942 _2ddc
_cDOCE
_zLR; SML
999 _c2730
_d2730